Solar engineering of thermal processes / (Record no. 15157)

MARC details
000 -LEADER
fixed length control field 00888nam a2200277 i 4500
003 - CONTROL NUMBER IDENTIFIER
control field EG-ScBUE
005 - DATE AND TIME OF LATEST TRANSACTION
control field 20260106095530.0
008 - FIXED-LENGTH DATA ELEMENTS--GENERAL INFORMATION
fixed length control field 110420t2006 njua f 001 0 eng d
020 ## - INTERNATIONAL STANDARD BOOK NUMBER
International Standard Book Number 9780471698678
040 ## - CATALOGING SOURCE
Original cataloging agency EG-ScBUE
Language of cataloging eng
Description conventions rda
Transcribing agency EG-ScBUE
Modifying agency EG-ScBUE
082 04 - DEWEY DECIMAL CLASSIFICATION NUMBER
Edition number 22
Classification number 621.47
Item number DUF
100 1# - MAIN ENTRY--PERSONAL NAME
9 (RLIN) 13022
Personal name Duffie, John A.,
Relator term author.
245 10 - TITLE STATEMENT
Title Solar engineering of thermal processes /
Statement of responsibility, etc John A. Duffie, William A. Beckman.
250 ## - EDITION STATEMENT
Edition statement Third edition.
264 #1 - PUBLICATION, DISTRIBUTION, ETC. (IMPRINT)
Place of publication, distribution, etc Hoboken, NJ. :
Name of publisher, distributor, etc Wiley,
Date of publication, distribution, etc [2006]
264 #4 - PUBLICATION, DISTRIBUTION, ETC. (IMPRINT)
Date of publication, distribution, etc c2006
300 ## - PHYSICAL DESCRIPTION
Extent 908 pages :
Other physical details illustrations ;
Dimensions 22 cm
336 ## - CONTENT TYPE
Source rdacontent
Content type term text
Content type code txt
337 ## - MEDIA TYPE
Source rdamedia
Media type term unmediated
Media type code n
338 ## - CARRIER TYPE
Source rdacarrier
Carrier type term volume
Carrier type code nc
500 ## - GENERAL NOTE
General note Includes index.
650 #7 - SUBJECT ADDED ENTRY--TOPICAL TERM
9 (RLIN) 5597
Topical term or geographic name as entry element Solar energy.
Source of heading or term BUEsh
655 ## - INDEX TERM--GENRE/FORM
Form subdivision Reading book
700 1# - ADDED ENTRY--PERSONAL NAME
9 (RLIN) 13024
Personal name Beckman, William A.,
Relator term author.
942 ## - ADDED ENTRY ELEMENTS (KOHA)
Source of classification or shelving scheme Dewey Decimal Classification
Koha item type Book - Borrowing
Holdings
Withdrawn status Lost status Source of classification or shelving scheme Damaged status Not for loan Collection code Home library Current library Shelving location Date acquired Source of acquisition Cost, normal purchase price Total Checkouts Full call number Barcode Date last seen Date checked out Price effective from Koha item type Total Renewals
    Dewey Decimal Classification     Baccah Central Library Central Library First floor 20/04/2011   490.00 3 621.47 DUF 000023330 15/07/2025 10/10/2013 20/04/2011 NB - Book (Non borrowing)  
    Dewey Decimal Classification     Baccah Central Library Central Library First floor 20/04/2011     19 621.47 DUF 000009911 15/07/2025 05/08/2021 20/04/2011 Book - Borrowing 72
    Dewey Decimal Classification     Baccah Central Library Central Library First floor 20/04/2011   490.00 21 621.47 DUF 000023333 15/07/2025 21/02/2021 20/04/2011 Book - Borrowing 67
    Dewey Decimal Classification     Baccah Central Library Central Library First floor 02/05/2012     3 621.47 DUF 000026743 27/04/2026 24/06/2014 02/05/2012 Book - Borrowing 2
    Dewey Decimal Classification     Baccah Central Library Central Library First floor 02/05/2012 Purchase   3 621.47 DUF 000026744 24/08/2016 10/10/2013   Book - Borrowing 34